000 00426nam a2200181Ia 4500
001 15075
005 20260306165001.0
008 260306t2016||||xx |||||||||||||| ||spa||
041 _aESP
082 _a530
_bF342
100 _aFidalgo Sánchez, José Antonio
_eAUT
245 0 _aFísica y química
260 _c2016
300 _a354 páginas :
_c27 cm.
650 _aGEN
654 _aCCN
942 _cLIB
_dJUS
_fJUS
_2ddc
_n
999 _c15075
_d15075